Uso seguro de pesticidas para los trabajadores del campo /

Este manual proporciona información sobre la manipulación segura de pesticidas (plaguicidas) para los trabajadores del campo, como son la utilización de dispositivos de seguridad como las etiquetas de identificación del pesticida, la ropa protectora, además de que enseña como reconocer las señas y s...

Celý popis

Uloženo v:
Podrobná bibliografie
Hlavní autor: Poli, Bonnie
Další autoři: Fluker, Sam S.
Médium: Text
Vydáno: Gainesville, FLO: U.S. EPA. USDA
Témata:
Tagy: Přidat tag
Žádné tagy, Buďte první, kdo vytvoří štítek k tomuto záznamu!

MARC

LEADER 00000 a a2200000 04500
001 13832
003
040
090 |a 024800  
100 |a Poli, Bonnie  
245 |a Uso seguro de pesticidas para los trabajadores del campo /  |c Bonnie Poli 
260 |a Gainesville, FLO:   |b U.S. EPA. USDA  
300 |a 27 p.  
520 |a Este manual proporciona información sobre la manipulación segura de pesticidas (plaguicidas) para los trabajadores del campo, como son la utilización de dispositivos de seguridad como las etiquetas de identificación del pesticida, la ropa protectora, además de que enseña como reconocer las señas y síntomas de envenenamiento por pesticidas y proporcionar los primeros auxilios. Inicialmente, el artículo señala la manera en que el pesticida penetra en el cuerpo, el envenenamiento, reconocimiento de la existencia de residuos y su eliminación. El manual da las normas de seguridad para evitar el peligro del veneno: analizar las indicaciones de las etiquetas de los productos para, en caso de accidente, saber de que pesticida se trata y cual es el tratamiento que corresponde, aparte de que allí se específica el uso adecuado del producto para evitar cualquier problema. HBQ/mb  
650 |a PLAGUICIDAS  
650 |a SUSTANCIAS TOXICAS  
650 |a VESTUARIO  
650 |a SEGURIDAD LABORAL  
650 |a RESIDUOS DE PLAGUICIDAS  
650 |a TRABAJADORES AGRICOLAS  
700 |a Fluker, Sam S.  
999 |c 11343  |d 11343